Регионална библиотека "Любен Каравелов" - Русе

Основни фактори и принципи за изграждането на управленските структури на стопанските организации (Запис номер 480058)

MARC детайли
000 -Лидер
Контролно поле с фиксирана дължина nam a22 a 4500
003 - Код на организацията, давaща контролен номер
Контролно поле BLK
005 - Дата и час на последна редакция
Контролно поле 20221110140722.0
008 - Елементи от данни с фиксирана дължина
fixed length control field 220324b bu |||||||||| 00| | bu d
040 ## - Източник на каталожния запис
Идентификатор на билиотеката - собственик на записа BLK
041 ## - Код за език
Код за езика на текст/звукозапис или на отделно заглавие Български
Код за езика КДБФ Български
080 ## - УДК
Текстов определител УДК Методи на управление. Организационна структура на предприятията
УДК код - определител по УДК 65.012/.014
УДК - код + определител 65.012/.014
100 ## - Редна дума - Автор
R(LIN) 250289
Автор Николов, Никола Стефанов
Авторска отговорност първи автор
139 ## - Редно поле
Редна дума Николов, Никола Стефанов
245 ## - Сведения за заглавието
Заглавие Основни фактори и принципи за изграждането на управленските структури на стопанските организации
Подзаглавни данни Лекция
Редно поле (дума) Никола Николов.
257 ## - Страна на издаване
Страна на създаване/издаване България
260 ## - Област на издателските данни
9 (RLIN) 216457
Място на издаване, разпространение и проч. София
Име на издателя, разпространителя и проч. АОНСУ при ЦК на БКП
Година на издаване 1978
300 ## - Физическа характеристика
Страници 34 с.
Размери/Мащаб 20 см
380 ## - Жанр
Жанр Техника
500 ## - Общи забележки
Забележка Офс. изд.
504 ## - Забележка за наличие на библиография и др
Забележка за наличие на библиография и под. с. 31-32 и под линия
650 #0 - Допълнително описание по предмет – тема
9 (RLIN) 348070
Основно описание – тема или топоним Стопански организации
653 #7 - Ключова дума – ненормативна
9 (RLIN) 199022
Ключова дума управление
852 ## - Местоположение
Форматна сигнатура Цб 93112
Фондова буква Хранилище
856 ## - Електронен адрес и достъп
Инструкция (цена за достъп) 0.00
Права за достъп disable
999 ## - СИСТЕМНИ КОНТРОЛНИ НОМЕРА
Koha biblionumber 480058
Koha biblioitemnumber 480058
942 ## - АРТИКУЛИ
Вид на библиотечния материал Книги
Скрит в OPAC Не
Периодичен библиозапис Да
944 ## - СЪЗДАВАНЕ И РЕДАКЦИЯ на ЗАПИСА
Служител, извършил регистрацията/редакцията ТД
Наличности
Код за отписване Код за изгубен артикул Източник на класификационната схема Код за повреда Коз за рестрикции Код за отдаване Артикулен № Име на библиотеката - собственик Име на библиотеката, в която се намира в момента Статус (Текущо местоположение) Дата на вписване в системата Местоположение - отдел Цена в лева Инвентарен номер Систематично азбучна сигнатура Баркод Цена в евро Служебен тип на артикула
  Не е изгубен Universal Decimal Classification Не е повреден само за читалня ползва се в читалня 912212 Регионална библиотека "Любен Каравелов" Русе Регионална библиотека "Любен Каравелов" Русе Хранилище 2022-11-11 Хранилище 0.12 261380 Цб 93112 120000261380 0.06 Книги
Vip Innovations Ltd, Rousse, Bulgaria 2025